Film dont le titre commence par un S (4) - Statistiques

Statistiques générales
  • Ce quiz a été pris 6 fois
  • Le résultat moyen est 5 sur 30
Statistiques - réponses
Année Réalisateur Genre 1 acteur ou
1 actrice
Titre % Correct
1978 Richard Donner Fantastique Christopher Reeve Superman
67%
1983 Brian De Palma Policier Al Pacino Scarface
50%
1973 Sidney Lumet Policier Al Pacino Serpico
50%
1939 Alfred Werker Policier Basil Rathbone Sherlock Holmes
50%
1941 Alfred Hitchcock Drame psychologique Cary Grant Soupçons
50%
1985 Luc Besson Policier Christophe Lambert Subway
50%
1954 Luchino Visconti Drame Alida Valli Senso
33%
2012 Sam Mendes Espionnage Daniel Craig Skyfall
33%
1971 Terence Young Western Alain Delon Soleil rouge
33%
1984 Ivan Reitman Fantastique Bill Murray SOS Fantômes
33%
1963 Gianfranco Parolini Peplum Brad Harris Samson contre Hercule
17%
1997 Jean-Jacques Annaud Aventures Brad Pitt Sept ans au Tibet
17%
1955 Sacha Guitry Historique Danielle Darrieux Si Paris nous était conté
17%
2009 Alex Kurtzman Science fiction Chris Pine Star Trek
17%
2003 François Ozon Thriller Charlotte Rampling Swimming pool
17%
2017 Martin Provost Drame Catherine Frot Sage femme
0%
1951 Jean-Paul Le Chanois Comédie dramatique Bernard Blier Sans laisser d'adresse
0%
1964 John Frankenheimer Comédie dramatique Burt Lancaster Sept jours en mai
0%
1951 Hervé Bromberger Comédie dramatique Bourvil Seul dans Paris
0%
2001 Joël Gallien Comédie Chris Evans Sex academy
0%
1963 Pierre Gaspard-Huit Peplum Anna Karina Shéhérazade
0%
1970 Don Siegel Western Clint Eastwood Sierra torride
0%
1983 Jacques Monnet Comédie Claude Brasseur Signes extérieurs de richesse
0%
2017 Audrey Dana Comédie Christian Clavier Si j'étais un homme
0%
1958 Guido Brignone Peplum Anita Ekberg Sous le signe de Rome
0%
1930 René Clair Comédie dramatique Albert Préjean Sous les toit de Paris
0%
2016 Justin Lin Science fiction Chris Pine Star Trek Sans limites
0%
2013 Alex Kurtzman Science fiction Chris Pine Star Trek vers les ténébres
0%
1963 Jacques Poitrenaud Drame psychologique Dany Saval Strip-tease
0%
2003 Clark Johnson Action Colin Farrell SWAT Unité d'élite
0%
Aucun quiz correspondant
Distribution des résultats
% des personnes avec chaque résultat
Percentile par nombre de réponses
Votre historique - résultats
Vous n’avez pas pris ce quiz